00590nam a2200217Ia 4500003000900000008004100009020001800050040001600068080001500084100001600099245006900115250001200184260004800196300001400244650002200258650001200280650002000292650001900312650002100331700002000352IN-BaIIA211028s9999 xx 000 0 eng d a0-521-00517-5 cIIA Library a52-77bBUR aBurke, B. F 0aIntroduction to radio astronomycB. F. Burke and F. Graham-Smith a2nd ed. aCambridgebCambridge University Pressc2002 axi, 393p. aGalactic Dynamics aPulsars aRadio Astronomy aRadio Galaxies aRadio Telescopes aGraham-Smith, F